000 00917nam a22002537a 4500
005 20130812153712.0
008 120706s2011 ck ag gr 001 0 eng d
020 _a9789587196931
041 0 _aspa
044 _ack
082 0 4 _a595.796
_bO77h
100 1 _aOrtiz, Claudia M.
_91451
245 1 0 _aHormigas del género dolichoderus lund (formicidae : dolichoderinae) en Colombia /
_cClaudia M. Ortiz & Fernando Fernández.
260 _aBogotá :
_bUniversidad Nacional de Colombia. Facultad de Ciencias Naturales,
_c2011.
300 _a116 p. :
_bil., mapas ;
_c24 cm.
490 0 _aMonografías de fauna de Colombia
504 _aIncluye bibliografía.
650 4 _aHormigas
_x Hábitos y conducta.
_91452
650 4 _aHormigas
_x Ecología.
_91453
650 4 _aHormigas
_x Taxonomía.
_91454
650 4 _aHormigas
_x Evolución.
_91455
700 1 _aFernández, Fernando.
_91456
942 _2ddc
_cImpreso
999 _c7542
_d7542